Census County Divisions of Florida With a Map - Statistics

General Stats
  • This quiz has been taken 493 times
    424 since last reset
  • The average score is 59 of 316
Answers on the Map
Answers color-coded by a green-red scale on the quiz's map according to % correct below.
 
Answer Stats
County CCD % Correct
Miami-Dade Miami
92%
Monroe Key West
88%
Orange Orlando
85%
Hillsborough Tampa
84%
Pinellas St. Petersburg
75%
Escambia Pensacola
71%
Broward Fort Lauderdale
70%
Lee Fort Myers
69%
Miami-Dade Miami Beach
69%
Lafayette Day
67%
Alachua Gainesville
67%
Sarasota Sarasota
67%
Volusia Daytona Beach
66%
Palm Beach West Palm Beach
66%
Collier | Miami-Dade Everglades
65%
Collier Naples
65%
Pinellas Clearwater
64%
Lee Cape Coral
63%
Miami-Dade Hialeah
63%
Bay Panama City
61%
St. Lucie Port St. Lucie
61%
Broward Hollywood
59%
Palm Beach Boca Raton
58%
Okeechobee Okeechobee
58%
St. Johns St. Augustine
57%
Polk Lakeland
55%
Osceola Kissimmee
54%
Brevard Melbourne
53%
Marion Ocala
52%
Palm Beach Jupiter
50%
Manatee Bradenton
48%
Miami-Dade Homestead
48%
Miami-Dade Miami Gardens
47%
Broward Miramar-Pembroke Pines
46%
Brevard Cocoa Beach-Cape Canaveral
45%
Palm Beach Boynton Beach-Delray Beach
41%
Volusia Deltona
41%
Brevard Palm Bay
41%
Broward Pompano Beach
41%
Brevard Titusville
41%
Sarasota Venice
40%
Polk Winter Haven-Auburndale
39%
Alachua High Springs-Alachua
38%
Charlotte Port Charlotte
38%
Hillsborough Brandon
37%
Seminole Sanford
37%
Brevard Cocoa-Rockledge
36%
Indian River Vero Beach
34%
Broward Coral Springs-Margate
33%
St. Lucie Fort Pierce
33%
Collier Marco Island
33%
Broward Plantation
33%
Broward Deerfield Beach
31%
Nassau Fernandina Beach
31%
Okaloosa Fort Walton Beach
31%
Miami-Dade Kendall-Palmetto Bay
31%
Orange Apopka
30%
Miami-Dade Key Biscayne
30%
Columbia Lake City
30%
Charlotte Punta Gorda
30%
Highlands Sebring
30%
Broward Davie
29%
Sarasota North Port
29%
Gilchrist Bell
28%
Volusia DeLand
28%
Madison Madison
28%
Hillsborough Plant City
27%
Osceola St. Cloud
27%
Martin Stuart
27%
Orange Winter Garden-Ocoee
27%
Putnam Palatka
26%
Lake Clermont
25%
Palm Beach Glades
25%
Duval Jacksonville North
25%
Volusia Ormond Beach
25%
Pinellas Tarpon Springs
25%
Manatee Palmetto
24%
Volusia Port Orange
24%
Hernando Spring Hill
24%
Leon Tallahassee South
24%
Okaloosa Baker
23%
Seminole Casselberry-Altamonte Springs
23%
Duval Jacksonville West
23%
Palm Beach Lake Worth
23%
Nassau Yulee
23%
Lake Leesburg
22%
Lee Sanibel Island
22%
Leon Tallahassee East
22%
Franklin Apalachicola
21%
Palm Beach Belle Glade-Pahokee
21%
Lee Bonita Springs
21%
Levy Cedar Key-Yankeetown
21%
Okaloosa Crestview
21%
Duval Jacksonville East
21%
Santa Rosa Milton
21%
Gadsden Quincy
21%
Leon Tallahassee Central
21%
Pasco Zephyrhills
21%
Leon Tallahassee Northwest
20%
Pasco New Port Richey
19%
Seminole Oviedo
19%
Pinellas St. Pete Beach
19%
Leon Tallahassee Northeast
19%
Leon Tallahassee Southwest
19%
Hillsborough Wimauma-Riverview
19%
Volusia New Smyrna Beach
18%
Hernando Brooksville
17%
Hendry Clewiston
17%
Pasco Dade City
17%
Volusia DeBary-Orange City
17%
Broward Hallandale Beach
17%
Duval Jacksonville Beaches
17%
Polk Lake Wales
17%
Lee Lehigh Acres
17%
Okaloosa Niceville-Valparaiso
17%
Clay Orange Park
17%
Gulf Port St. Joe
17%
Highlands Avon Park
16%
Polk Bartow
16%
Flagler Flagler Beach
16%
Hendry LaBelle
16%
Suwannee Live Oak
16%
Jackson Marianna
16%
Hillsborough Ruskin
16%
Bradford Starke
16%
Citrus Crystal River
15%
Polk Haines City
15%
Collier Immokalee
15%
Miami-Dade Kendale Lakes-Tamiami
15%
Lee North Fort Myers
15%
Sumter Wildwood
15%
Sarasota Englewood
14%
Santa Rosa Holley-Navarre
14%
St. Johns Ponte Vedra
14%
Clay Green Cove Springs
13%
Gadsden Havana
13%
Citrus Inverness
13%
Brevard Merritt Island
13%
Alachua Newberry-Archer
13%
Pasco Port Richey
13%
Palm Beach Riviera Beach
13%
Duval Baldwin
12%
Sumter Bushnell-Center Hill
12%
Washington Chipley
12%
Walton DeFuniak Springs
12%
Lake Eustis
12%
Polk Frostproof
12%
Hamilton Jasper
12%
Hillsborough Keystone-Citrus Park
12%
Sarasota Longboat Key
12%
Bay Mexico Beach
12%
Jefferson Monticello
12%
Leon Northeast Leon
12%
Leon Northwest Leon
12%
Sarasota Osprey-Laurel-Nokomis
12%
Leon Southeast Leon
12%
Marion Belleview
11%
Leon East Leon
11%
Madison Greenville
11%
Lake Groveland-Mascotte
11%
Brevard Indialantic-Melbourne Beach
11%
Clay Middleburg-Clay Hill
11%
Lake Mount Dora
11%
Hillsborough Palm River-Gibsonton
11%
Martin Port Salerno-Hobe Sound
11%
Leon Southwest Leon
11%
Lake Tavares
11%
Calhoun Blountstown
10%
Nassau Callahan-Hilliard
10%
Escambia Century
10%
Orange East Orange
10%
Walton Freeport
10%
Santa Rosa Gulf Breeze
10%
Alachua Hawthorne
10%
Martin Indiantown
10%
Santa Rosa Jay
10%
Miami-Dade Princeton-Goulds
10%
Palm Beach Royal Palm Beach-West Jupiter
10%
Alachua Waldo
10%
Hardee Wauchula
10%
Holmes Bonifay
9%
Hardee Bowling Green
9%
Flagler Bunnell
9%
St. Johns Fruit Cove
9%
Union Lake Butler
9%
Highlands Lake Placid
9%
Baker Macclenny
9%
Lafayette Mayo
9%
Alachua Micanopy
9%
Santa Rosa Pace
9%
Lee Pine Island
9%
Gilchrist Trenton
9%
Levy Williston-Bronson
9%
Lee Boca Grande
8%
Gadsden Chattahoochee
8%
Putnam Crescent City
8%
Wakulla East Wakulla
8%
Charlotte Grove City-Rotonda
8%
St. Johns Hastings
8%
Osceola South and East Osceola
8%
Orange Southwest Orange
8%
Monroe Upper Keys
8%
Wakulla West Wakulla
8%
Hamilton White Springs
8%
Hardee Zolfo Springs
8%
Levy Chiefland
7%
Broward Conservation
7%
Marion Dunnellon
7%
Franklin Eastpoint
7%
Okaloosa | Santa Rosa Eglin AFB
7%
Gadsden Greensboro
7%
Bradford Hampton
7%
Hernando Hernando Beach
7%
Hamilton Jennings
7%
Monroe Lower Keys
7%
Bay Lynn Haven
7%
Monroe Middle Keys
7%
Santa Rosa Midway
7%
Volusia Pierson-Seville
7%
Baker Sanderson
7%
Brevard Space Center
7%
Calhoun Altha
6%
Santa Rosa Avalon-Mulat
6%
Suwannee Branford
6%
Franklin Carrabelle
6%
Volusia Central Volusia
6%
Jackson Cypress
6%
Liberty East Liberty
6%
Putnam East Palatka
6%
Indian River Fellsmere
6%
Lee Fort Myers Shores
6%
Lake Fruitland Park-Lady Lake
6%
Jackson Greenwood
6%
Lake Howey-in-the-Hills-Okahumpka
6%
Putnam Interlachen-Florahome
6%
Clay Keystone Heights
6%
Brevard Malabar
6%
Okeechobee North Okeechobee
6%
Bay Panama City Beaches
6%
Manatee Parrish
6%
Marion Reddick-McIntosh
6%
Lake Umatilla
6%
Washington Vernon
6%
Liberty West Liberty
6%
Jackson Alford
5%
DeSoto Arcadia West
5%
Santa Rosa Bagdad
5%
Monroe Cape Sable
5%
Pasco Central Pasco
5%
Jackson Cottondale
5%
Marion East Marion
5%
Santa Rosa East Milton
5%
Lee Estero Island
5%
Jackson Graceville
5%
Okaloosa Laurel Hill
5%
Brevard Melbourne Shores-Floridana Beach
5%
Manatee Myakka City
5%
Volusia North Peninsula
5%
Escambia Northwest Escambia
5%
Walton Paxton-Darlington
5%
Clay Penney Farms
5%
Taylor Perry North
5%
Taylor Perry South
5%
Union Raiford
5%
Volusia South Peninsula
5%
Bay Southport
5%
Palm Beach Sunshine Parkway
5%
Orange Union Park
5%
Brevard West Brevard
5%
St. Lucie West St. Lucie
5%
Gulf Wewahitchka
5%
Santa Rosa Allentown
4%
DeSoto Arcadia East
4%
Bradford Brooker
4%
Dixie Cross City North
4%
Dixie Cross City South
4%
Columbia Fort White
4%
St. Lucie Hutchinson Island
4%
Sarasota Interior County
4%
Pasco Lacoochee
4%
Bradford Lawtey
4%
Jackson Malone
4%
Santa Rosa Navarre Beach
4%
Miami-Dade North Westside
4%
Hernando Ridge Manor
4%
Jackson Sneads
4%
Miami-Dade South Westside
4%
Palm Beach Western Community
4%
Holmes West Holmes
4%
Union Worthington Springs
4%
Bay Youngstown
4%
Santa Rosa Berrydale
3%
Pinellas Boca Ciega
3%
Jackson Campbellton
3%
Escambia Cantonment
3%
Holmes Esto-Noma
3%
Marion Fellowship
3%
Marion Fort McCoy-Anthony
3%
Lake Leesburg East
3%
St. Johns Matanzas
3%
Suwannee McAlpin-Wellborn
3%
Columbia North Columbia
3%
Glades Northeast Glades
3%
Glades Southwest Glades
3%
Jefferson Wacissa
3%
Calhoun West Calhoun
3%
Washington Caryville
2%
Suwannee Dowling Park
2%
Santa Rosa Harold
2%
Santa Rosa Munson
2%
Santa Rosa Skyline
2%
Walton Walton Beaches
2%
Santa Rosa Whiting Field
2%
Walton Redbay
1%
No matching quizzes found
Score Distribution
Percent of People with Each Score
Percentile by Number Answered
Your Score History
You have not taken this quiz since the last reset